000 00544nam a2200217Ia 4500
003 OSt
005 20221005125847.0
006 a|||||r|||| 00| 0
007 ta
008 221004b |||||||| |||| 00| 0 eng d
024 _a119093
037 _cTextual
040 _aCRL
_cCRL
_beng
041 _2eng
_aeng
100 _aSinha Indermohan Kumar
_9637222
245 0 _aPremchand Yugin Bhartiya samaj
260 _c1974
650 _aHINDI LITERATURE
_923866
942 _cTEXL
_2cc
999 _c1055313
_d1055313